| 000 | 01041cab a2200289 4500 | ||
|---|---|---|---|
| 001 | ABS59726 | ||
| 008 | 090401t1998 xxu||||| |||| 00| 0 eng d | ||
| 035 | _a(Sirsi) u89705 | ||
| 041 | _aeng | ||
| 100 | _aDraper, M. | ||
| 245 | _aDischarge or modification of restrictive covenants | ||
| 260 | _c1998 | ||
| 350 | _a0 | ||
| 490 |
_aSolicitors` Journal _v142(43) 13 November 1998, 1038-1039(2) |
||
| 520 | _aOutlines the grounds under s84 of the Law of Property Act 1925 upon which a restriction affecting freehold land may be discharged or modified. Considers the implications of a Court of Appeal decision in "Re University of Westminster" on Land Tribunal practice and procedure. | ||
| 650 | _aDISCHARGE | ||
| 650 | _aFREEHOLD PROPERTY | ||
| 650 | _aLAW OF PROPERTY ACT 1925 S84 | ||
| 650 | _aMODIFICATION | ||
| 650 | _aNOTICE | ||
| 650 | _aRE UNIVERSITY OF WESTMINSTER | ||
| 650 | _aRESTRICTIVE COVENANTS | ||
| 650 | _aSTATUTORY GROUNDS | ||
| 690 | _aPROPERTY LAW AND PRACTICE | ||
| 942 | _n0 | ||
| 948 | _c16/11/1998 | ||
| 999 |
_c56774 _d56774 |
||